000 01497nam a2200241Ia 4500
003 Ost
005 20260507075408.0
008 260507s9999||||xx |||||||||||||| ||und||
020 _a978995712238
040 _cfsecg
041 _aara
082 _a600
100 _aالعلاق، بشير عباس
_eمؤلف
245 0 _aأساسيات وتطبيقات الترويج الالكتروني والتقليدي :
_bمدخل متكامل /
_c بشير عباس العلاق
260 _aعمان:
_bدار اليازوري,
_c2008
300 _a550 صفحة؛
_bإيضاحات ؛
_c24 سم
504 _aالمراجع ص.523
520 _aيضم الترويج وعناصره، البيع الشخصي وتنشيط المبيعات، مراحل نشوء وتطور الإعلان التقليدي والإلكتروني، أهداف الإعلان التقليدي والإلكتروني، الإعلان والمزيج التسويقي والترويجي، إدارة الإعلان ووكالات الإعلان، تخطيط الحملة الإعلانية ، وسائل الإعلان، الاستراتيجية الابتكارية للإعلان والرسالة الإعلانية ، تصميم وإخراج الإعلان، تقييم الإعلان وميزانية الإعلان، الإعلان وسلوك المستهلك، الإعلان الدولي
653 _aأدارة المبيعات
653 _aالإعلان
653 _aالتسويق
942 _cكتاب
999 _c44347
_d44347